000 00947nam a2200265 i 4500
001 103025
003 ES-MaACL
005 20230906183241.0
007 t|
008 051227s1900 uy |||| | spa d
080 _a821.134.2(899)-96"18"
100 1 _aRodó, José Enrique
_d1871-1917
_998152
_eaut
245 1 0 _aAriel /
_cpor José Enrique Rodó.
260 _aMontevideo :
_b[s.n.],
_c1900
_f(Imp. de Dornaleche y Reyes)
300 _a141 p. ;
_c19 cm.
490 1 _aLa vida nueva ;
_v3
530 _aDisponible en formato digital.
651 4 _aAmérica-
_xCivilización.
_97690
830 0 _aLa vida nueva ;
_v3
_9176570
852 _aES-MaACL
_jR-3456
_dOlim: T-1013-F-1
_dOlim: 29 B
_xDedicatoria autógrafa del autor
856 _uhttp://bdh-rd.bne.es/viewer.vm?id=0000063925&page=1
_zBiblioteca Digital Hispánica
903 _998152
_aRodó, José Enrique,
_d1871-1917
_ednr
942 _2udc
999 _c103025
_d103025